LEADER 01216nam a2200253 i 4500 001 000000255301 003 CaOOAMICUS 005 20170803000000.0 008 170803s1882 it u000 u ita u 013 $a234206 040 $aSeMil$bita 100 1 $aFerrini, Rinaldo <1831-1908>.$0(OLS)http://semarc/name/89490 245 13$aLa luminosita elettrica dei gas e la materia radiante /$cdi Rinaldo Ferrini e P. Pogliaghi. 260 $aMilano :$bFratelli Dumolard,$c1882. 300 $aXV, 315 p., [3] c. di tav. :$bill. ;$c22 cm. 490 0 $aBiblioteca scientifica internazionale ;$v32 650 4$aFisica - Gas - Elettricitą - Fenomeni luminosi.$0(OLS)http://semarc/subject/46923 650 4$aGas - Luminositą elettrica.$0(OLS)http://semarc/subject/46924 700 1 $aPogliaghi, Pietro.$0(OLS)http://semarc/name/94515 830 0$aBiblioteca scientifica internazionale ;$v32.$0(OLS)http://semarc/title/6822 850 $aSeMil 852 $aSeMil$W1$xVenegono$y1$m3W III 11 FA$j205647$B205647$CSeMilBibl$Z2$F218975 $8I 996 $6245$aLa luminosita elettrica dei gas e la materia radiante$9(OLS)http://semarc/title/411583 996 $6260$aMilano :$bFratelli Dumolard$9(OLS)http://semarc/publisher/31337 LEADER 01460nam a2200301 i 4500 001 000000223145 003 CaOOAMICUS 005 20131004000000.0 008 131004s2011 it u000 u ita u 013 $a202042 020 $a978-88-215-7247-0 040 $aSeMil$bita 100 1 $aVioloni, Luca,$c.$0(OLS)http://semarc/name/24916 245 13$aLa sfida educativa di Gesł :$bil cammino con i discepoli nel Vangelo di Marco /$cLuca Violoni. 260 $aCinisello Balsamo :$bSan Paolo,$c2011. 300 $a161 p. ;$c20 cm. 490 0 $aLe ragioni della speranza ;$v77. 500 $aContiene : Bibliografia delle opere citate. - Con dedica autografa dell'Autore. - Fondo card. C. M. Martini. 650 4$aBibbia - NT - Marco - Meditazioni.$0(OLS)http://semarc/subject/19728 650 4$aBibbia. Nuovo Testamento. Vangelo secondo Marco - Discepoli.$0(OLS)http://semarc/subject/30773 830 3$aLe ragioni della speranza ;$v77.$0(OLS)http://semarc/title/9923 850 $aSeMil 852 $aSeMil$W1$xVenegono$y1$m3F III 577$j173491$B173491$CSeMilBibl$Z2$F186661 $81 941 1 $a4 961 $aLascito: Martini Card. Carlo Maria 996 $6020$a978-88-215-7247-0$9(OLS)http://semarc/number/222965 996 $6245$aLa sfida educativa di Gesł :$bil cammino con i discepoli nel Vangelo di Marco$9(OLS)http://semarc/title/320033 996 $6260$aCinisello Balsamo :$bSan Paolo$9(OLS)http://semarc/publisher/30129